[Event "Challenge"]
[Site "http://www.queenalice.com/game.php?id=632083"]
[Date "2009.8.7"]
[Round "-"]
[White "ORNELAS"]
[Black "petrovic"]
[Result "0-1"]
[WhiteElo "1710"]
[BlackElo "1841"]

1. d4 d5 2. Nf3 Bg4 3. Nbd2 e6 4. Ne5 Bf5 5. Ndf3 Nd7 6. c3 Nxe5 7. Nxe5 Bd6 8.
Bf4 Qe7 9. Qd2 h6 10. g3 f6 11. Nf3 g5 12. Bxd6 Qxd6 13. Bg2 O-O-O 14. Qd1 Be4
15. Qa4 a6 16. O-O g4 17. Nh4 Bxg2 18. Nxg2 h5 19. b4 e5 20. b5 e4 21. bxa6 Qxa6
22. Qxa6 bxa6 23. Rfb1 Rd6 24. Rb3 Rb6 25. Rxb6 cxb6 26. h4 b5 27. a4 bxa4 28.
Rxa4 Kb7 29. Rb4+ Ka7 30. Nf4 Ne7 31. e3 f5 32. c4 dxc4 33. Rxc4 Kb6 34. Rb4+
Ka5 35. Rb1 Rh6 36. Ra1+ Kb5 37. Rb1+ Kc4 38. Rc1+ Kb3 39. Ne2 Nd5 40. Rc5 Rd6
41. Rc1 a5 42. Ra1 a4 43. Rb1+ Kc2 44. Ra1 Ra6 45. Ra2+ Kb1 46. Rd2 a3 47. Rd1+
Kc2 48. Rf1 a2 49. Rc1+ Kb2 50. Rd1 a1=Q 51. Rxa1 Rxa1+ 52. Kg2 Kc2 53. Nf4
Nxf4+ 54. gxf4 Kd2 55. d5 Ke2 56. d6 Rd1 57. d7 Rxd7 58. Kg3 Rd2 59. Kg2 Ke1 60.
Kg1 Rxf2 61. Kh1 Rf3 62. Kg2 Rxe3 63. Kg1 Rf3 64. Kg2 e3 65. Kg1 Rg3+ 66. Kh2
Kf1 67. Kxg3 e2 68. Kh2 e1=Q 69. Kh1 Qxh4# 0-1

[Event "Challenge"]
[Site "http://www.queenalice.com/game.php?id=671879"]
[Date "2009.10.24"]
[Round "-"]
[White "petrovic"]
[Black "gmack"]
[Result "0-1"]
[WhiteElo "1852"]
[BlackElo "1923"]

1. b3 e5 2. Bb2 Nc6 3. e4 Nf6 4. Nc3 Bc5 5. Bb5 Nd4 6. Nce2 Nxb5 7. d3 Ng4 8.
Nh3 d5 9. a4 Bb4+ 10. c3 Nxc3 11. Bxc3 Bxc3+ 12. Nxc3 d4 13. Ne2 O-O 14. Ng3 Nh6
15. Ng1 Qe7 16. Nf3 Bg4 17. h3 Bxf3 18. gxf3 Qb4+ 19. Kf1 f5 20. exf5 Nxf5 21.
Rg1 Nh4 22. f4 Rxf4 23. Ne4 Raf8 24. Ra2 Nf5 25. Kg2 Rxf2+ 0-1

[Event "Challenge"]
[Site "http://www.queenalice.com/game.php?id=671880"]
[Date "2009.10.24"]
[Round "-"]
[White "gmack"]
[Black "petrovic"]
[Result "1-0"]
[WhiteElo "1938"]
[BlackElo "1852"]

1. c4 b6 2. d4 Bb7 3. Nc3 h6 4. e4 e6 5. Nf3 Bb4 6. Bd3 Bxc3+ 7. bxc3 Ne7 8. O-O
d6 9. e5 dxe5 10. Nxe5 Nbc6 11. Nxc6 Bxc6 12. Qg4 g6 13. Ba3 Qd7 14. Rfe1 O-O-O
15. Qh4 g5 16. Qh5 f5 17. Qf7 Rde8 18. Qxe6 Qxe6 19. Rxe6 Ng8 20. Rxc6 f4 21.
Bd6 Kd8 22. Bxc7+ Kd7 23. d5 Ne7 24. Be5 Nxc6 25. Bf5+ Kd8 26. Bxh8 Rxh8 27.
dxc6 Kc7 28. Bd7 Rh7 29. Rd1 Re7 30. Kf1 h5 31. Rd5 Rg7 32. Be8 h4 33. Rd7+ Rxd7
34. cxd7 a6 35. h3 1-0

[Event "Challenge"]
[Site "http://www.queenalice.com/game.php?id=671884"]
[Date "2009.10.24"]
[Round "-"]
[White "petrovic"]
[Black "faustinho"]
[Result "0-1"]
[WhiteElo "1852"]
[BlackElo "1896"]

1. b3 d5 2. Bb2 c5 3. d4 e6 4. e3 Nf6 5. Nc3 a6 6. Nf3 Nbd7 7. dxc5 Nxc5 8. Ne5
Bd6 9. Ne2 O-O 10. Nf4 Qa5+ 11. Qd2 Qxd2+ 12. Kxd2 b5 13. Ned3 Nce4+ 14. Ke2 Bb7
15. Bxf6 Nxf6 16. g3 d4 17. Rg1 dxe3 18. fxe3 Rfc8 19. Kd1 Rc7 20. Bg2 Ne4 21.
Ne2 Rac8 22. Bxe4 Bxe4 23. Kd2 Rxc2+ 24. Kd1 Bxd3 0-1

[Event "Challenge"]
[Site "http://www.queenalice.com/game.php?id=671885"]
[Date "2009.10.24"]
[Round "-"]
[White "faustinho"]
[Black "petrovic"]
[Result "1-0"]
[WhiteElo "1912"]
[BlackElo "1851"]

1. d4 b6 2. e4 Bb7 3. f3 h6 4. c4 e6 5. a3 d5 6. cxd5 exd5 7. e5 Nc6 8. Be3 Nge7
9. Bd3 Qd7 10. Ne2 Nf5 11. Bxf5 Qxf5 12. O-O O-O-O 13. Nbc3 Ba6 14. b4 Bxe2 15.
Qxe2 Kb7 16. Rac1 f6 17. f4 fxe5 18. fxe5 Qe6 19. Rf2 Ne7 20. Rcf1 g5 21. Qd3
Ng6 22. Rf6 Nxe5 23. dxe5 Qxe5 24. R1f5 Qe8 25. Rxd5 Bg7 26. Rff5 Bxc3 27. Qxc3
Qe6 28. Rxd8 Rxd8 29. Rf6 Rd1+ 30. Kf2 Qa2+ 31. Kg3 Qd5 32. Rxh6 Rf1 33. Rg6 Qf5
34. Rxg5 Qh7 35. Rg7 Qe4 36. Qxc7+ Ka6 37. Qxa7+ Kb5 38. Qxb6+ Ka4 39. Qa6+ Kb3
40. Qxf1 Qe5+ 41. Kf2 Qxg7 42. Qd3+ Ka4 43. b5 Qb2+ 44. Bd2 1-0

[Event "Challenge"]
[Site "http://www.queenalice.com/game.php?id=671886"]
[Date "2009.10.24"]
[Round "-"]
[White "petrovic"]
[Black "marcaf"]
[Result "1-0"]
[WhiteElo "1820"]
[BlackElo "1902"]

1. b3 e5 2. Bb2 Nc6 3. e4 d6 4. Nf3 Be7 5. h3 f5 6. d3 Nf6 7. Nc3 O-O 8. exf5
Bxf5 9. Be2 Qd7 10. Qd2 d5 11. O-O-O d4 12. Ne4 Nxe4 13. dxe4 Bxe4 14. Bd3 Bxf3
15. gxf3 Rxf3 16. h4 Raf8 17. Rdg1 Rxf2 18. Qd1 R2f7 19. h5 h6 20. Kb1 Bg5 21.
Bg6 Rf6 22. Bc1 Bxc1 23. Qxc1 a5 24. Qxh6 Rf1+ 25. Kb2 gxh6 26. Bf5+ Rxg1 27.
Rxg1+ Kf7 28. Bxd7 Ke7 29. Bh3 b5 30. Rg6 Nb4 31. Rxh6 Rf2 32. Rh7+ Kd6 33. h6
Rxc2+ 34. Kb1 Rxa2 35. Rd7+ Kc6 36. h7 Rh2 37. h8=Q Rh1+ 38. Kb2 Rh2+ 39. Kc1
Rh1+ 40. Kd2 Rh2+ 41. Ke1 Rh1+ 42. Kf2 Rb1 43. Qa8+ Kb6 44. Qb8+ 1-0

[Event "Challenge"]
[Site "http://www.queenalice.com/game.php?id=671947"]
[Date "2009.10.24"]
[Round "-"]
[White "petrovic"]
[Black "beejay"]
[Result "1-0"]
[WhiteElo "1839"]
[BlackElo "1739"]

1. b3 e5 2. Bb2 d6 3. h3 Nc6 4. e4 Nf6 5. d3 Be7 6. Nf3 O-O 7. Nbd2 a5 8. Be2 b5
9. d4 Bb7 10. O-O Nh5 11. Nxe5 Nf4 12. Nxc6 Bxc6 13. d5 Bd7 14. Bg4 f5 15. exf5
Bxf5 16. Bxf5 Rxf5 17. Qg4 Rf7 18. Bxg7 Bg5 19. Bh6 Nxh3+ 20. gxh3 Qe7 21. Bxg5
Qxg5 22. Qxg5+ Rg7 23. Qxg7+ Kxg7 24. Rae1 a4 25. Re7+ Kf6 26. Rxh7 Rg8+ 27. Kh2
Rg5 28. Ne4+ 1-0

[Event "Challenge"]
[Site "http://www.queenalice.com/game.php?id=683990"]
[Date "2009.11.16"]
[Round "-"]
[White "petrovic"]
[Black "gmack"]
[Result "1-0"]
[WhiteElo "1839"]
[BlackElo "1962"]

1. e4 c5 2. c4 Nc6 3. Nf3 Nf6 4. d3 g6 5. h3 d6 6. a3 Bg7 7. Nc3 O-O 8. Rb1 a6
9. Be2 Nd4 10. O-O Bd7 11. b4 Ne8 12. Nxd4 cxd4 13. Nd5 e6 14. Nf4 g5 15. Nh5
Nf6 16. Nxg7 Kxg7 17. Bxg5 1-0

[Event "Challenge"]
[Site "http://www.queenalice.com/game.php?id=684196"]
[Date "2009.11.16"]
[Round "-"]
[White "petrovic"]
[Black "BESO"]
[Result "0-1"]
[WhiteElo "1860"]
[BlackElo "1828"]

1. e4 e5 2. Nf3 Nc6 3. Bb5 Nd4 4. Nxd4 c6 5. Nxc6 dxc6 6. Bc4 b5 7. Bb3 Nf6 8.
d3 Bc5 9. O-O O-O 10. h3 a5 11. a4 b4 12. c3 Ba6 13. Bg5 Be7 14. c4 h6 15. Be3
c5 16. f4 Qc7 17. f5 Rad8 18. Nd2 Rxd3 19. Qe2 Rfd8 20. Bc2 R3d7 21. b3 Bb7 22.
Rad1 Qb8 23. Bf2 Qa8 24. Bg3 Bd6 25. Nf3 Bxe4 26. Bxe5 Bxf3 27. gxf3 Re8 28.
Rxd6 Rxd6 29. Qh2 Ra6 30. Bxf6 Rxf6 31. Be4 Qd8 32. Qc2 Qd4+ 33. Rf2 Rd8 34. h4
Qd1+ 35. Kg2 Qxc2 36. Bxc2 Rfd6 37. Kg3 Rd2 38. Be4 Rxf2 39. Kxf2 Rd2+ 40. Kg3
Rb2 41. Bc6 Rxb3 42. Kg4 Rc3 0-1

[Event "Challenge"]
[Site "http://www.queenalice.com/game.php?id=684197"]
[Date "2009.11.16"]
[Round "-"]
[White "BESO"]
[Black "petrovic"]
[Result "0-1"]
[WhiteElo "1853"]
[BlackElo "1843"]

1. d4 d5 2. Nc3 e6 3. Nf3 h6 4. a3 a6 5. e3 c5 6. dxc5 Bxc5 7. Be2 Nf6 8. O-O
O-O 9. Bd3 Nc6 10. Ne2 e5 11. Nxe5 Nxe5 12. b4 Bd6 13. Bb2 Nxd3 14. Qxd3 Ng4 15.
f4 Re8 16. Bd4 Qh4 17. h3 Nf6 18. Rf3 Bd7 19. Raf1 Ne4 20. f5 Ng3 21. R1f2 Ne4
22. Rf1 Be5 23. Qb3 Nd2 24. Qxd5 Nxf3+ 25. Qxf3 Bc6 26. Qf2 Qxf2+ 27. Rxf2 b5
28. Bc5 Bb2 29. g4 Rad8 30. Rg2 Bxg2 31. Kxg2 Bxa3 32. Kf3 a5 33. c3 a4 34. Bd4
Bb2 35. f6 g6 36. h4 a3 37. c4 Bxd4 38. exd4 Rxe2 39. Kxe2 a2 40. cxb5 a1=Q 41.
b6 Qa6+ 42. Ke3 Qxb6 0-1

[Event "Challenge"]
[Site "http://www.queenalice.com/game.php?id=693772"]
[Date "2009.12.6"]
[Round "-"]
[White "petrovic"]
[Black "Jimbo48"]
[Result "0-1"]
[WhiteElo "1834"]
[BlackElo "1854"]

1. e4 e5 2. Nf3 d6 3. h3 Nf6 4. Bd3 Be7 5. O-O O-O 6. c4 b6 7. Bc2 Bb7 8. Nc3
Ba6 9. d3 c6 10. b4 Bc8 11. a4 Be6 12. Bb2 a6 13. Ng5 Bd7 14. Bb3 h6 15. Nf3 Qc8
16. Nh2 Nh7 17. Bc1 Ng5 18. Bxg5 Bxg5 19. Qh5 Be6 20. Qf3 Nd7 21. Rab1 Nf6 22.
c5 Bd2 23. Bxe6 Qxe6 24. Ne2 dxc5 25. bxc5 bxc5 26. Rfd1 Bb4 27. Ng4 Nh7 28.
Rdc1 Ng5 29. Qe3 Rad8 30. f4 Nh7 31. Nxe5 Nf6 32. Nc4 Rd7 0-1

[Event "Challenge"]
[Site "http://www.queenalice.com/game.php?id=703983"]
[Date "2009.12.26"]
[Round "-"]
[White "petrovic"]
[Black "ImpostorZ"]
[Result "0-1"]
[WhiteElo "1868"]
[BlackElo "1875"]

1. e4 c5 2. c4 Nc6 3. Nf3 d6 4. d4 cxd4 5. Nxd4 Nxd4 6. Qxd4 e5 7. Qd5 Be7 8. b4
a6 9. Be2 Nf6 10. Qd3 b6 11. h3 Bb7 12. Bf3 h6 13. O-O Rc8 14. a4 Qd7 15. b5 a5
16. Nd2 O-O 17. Ba3 Ba8 18. Rac1 Rc7 19. g4 Nh7 20. c5 bxc5 21. Nc4 Ng5 22. Bg2
Qd8 23. Nxa5 Ra7 24. Nc6 Bxc6 25. bxc6 Qa8 26. Qd5 Rxa4 27. Bb2 Rc8 28. f4 Ne6
29. fxe5 Rxc6 30. exd6 Bg5 31. Rce1 Qa6 32. e5 Rc8 33. Ra1 Rxa1 34. Rxa1 Qe2 35.
Ra8 Qe1+ 36. Bf1 Be3+ 37. Kh2 Bf4+ 38. Kg1 Qg3+ 39. Bg2 Be3+ 40. Kh1 Qe1+ 0-1

[Event "Challenge"]
[Site "http://www.queenalice.com/game.php?id=703984"]
[Date "2009.12.26"]
[Round "-"]
[White "ImpostorZ"]
[Black "petrovic"]
[Result "1-0"]
[WhiteElo "1873"]
[BlackElo "1859"]

1. d4 d5 2. Bf4 e6 3. Nf3 Bd6 4. Be5 f6 5. Bxd6 Qxd6 6. c3 Nh6 7. e3 O-O 8. Bd3
c5 9. b3 e5 10. Bc2 e4 11. Nfd2 b6 12. h3 Ba6 13. a3 Nf5 14. b4 Nh4 15. Qg4 Ng6
16. h4 f5 17. Qh5 f4 18. Bb3 c4 19. Bc2 fxe3 20. fxe3 Bc8 21. Nf1 Rxf1+ 22. Rxf1
Qg3+ 23. Kd2 Bg4 24. Qxd5+ 1-0

[Event "Challenge"]
[Site "http://www.queenalice.com/game.php?id=703985"]
[Date "2009.12.26"]
[Round "-"]
[White "petrovic"]
[Black "CaptainJester"]
[Result "0-1"]
[WhiteElo "1819"]
[BlackElo "1836"]

1. e4 c5 2. c4 Nc6 3. Nf3 g6 4. a3 Bg7 5. Ra2 d6 6. Be2 Nf6 7. d3 Nd4 8. Nxd4
cxd4 9. h3 O-O 10. b4 b6 11. Bf3 e5 12. O-O Qe7 13. a4 a6 14. Ba3 b5 15. c5 Qe6
16. Bc1 Qxa2 17. Na3 bxa4 18. Nc2 dxc5 19. bxc5 Bb7 20. Nb4 Qe6 21. Qxa4 Rfc8
22. Bg5 Rxc5 23. Bxf6 Bxf6 24. Bg4 Qb6 25. Nd5 Qb5 26. Nxf6+ Kg7 27. Qxb5 Rxb5
28. Nd5 Bxd5 29. exd5 a5 30. Bf3 a4 31. Ra1 a3 32. d6 Rd8 33. Rxa3 Rxd6 34. g4
Rc5 35. Be4 Rd8 36. Kg2 Rc3 37. Ra5 f6 38. Kg3 Rf8 39. f4 f5 40. gxf5 gxf5 41.
Ra7+ Kh8 42. Bf3 exf4+ 43. Kxf4 Rxd3 44. Ra5 Rd2 45. Rxf5 Rxf5+ 46. Kxf5 Rh2 47.
Bg4 d3 48. Ke4 d2 49. Kd3 Kg7 50. Kc2 Kg6 51. Kd1 Kg5 52. Be6 Kf4 53. Bg4 Ke3
54. Kc2 h5 55. Bxh5 Rxh3 56. Bd1 Rh7 57. Bg4 Rc7+ 0-1

[Event "Challenge"]
[Site "http://www.queenalice.com/game.php?id=703986"]
[Date "2009.12.26"]
[Round "-"]
[White "CaptainJester"]
[Black "petrovic"]
[Result "1-0"]
[WhiteElo "1814"]
[BlackElo "1852"]

1. e4 e5 2. Nf3 d6 3. Bc4 Nh6 4. O-O Be7 5. d3 O-O 6. Bxh6 gxh6 7. Nc3 c6 8. d4
Bf6 9. Qd2 Bg4 10. Qxh6 Bxf3 11. dxe5 Bxe5 12. gxf3 b5 13. Bd3 Qf6 14. Qh3 Kh8
15. Kh1 Na6 16. Ne2 Bxb2 17. e5 Qg7 18. Rab1 f5 19. Rxb2 dxe5 20. Bxf5 h6 21.
Rg1 Qf6 22. Rg6 Qxg6 23. Bxg6 Kg7 24. Qd7+ Kxg6 25. Qxc6+ Kg5 26. Qxa6 Rxf3 27.
Qxb5 Kf5 28. Qd7+ Kg5 29. Qg7+ Kf5 30. Qf7+ 1-0

[Event "Slorche"]
[Site "http://www.queenalice.com/game.php?id=712573"]
[Date "2010.1.12"]
[Round "4"]
[White "petrovic"]
[Black "PROFALEXANDRE"]
[Result "1-0"]
[WhiteElo "1859"]
[BlackElo "1686"]

1. e4 e5 2. Nf3 d6 3. Bc4 Bg4 4. h3 Bh5 5. d3 h6 6. g4 Bg6 7. Nc3 c6 8. h4 h5 9.
g5 Ne7 10. d4 exd4 11. Qxd4 a6 12. Bf4 Nc8 13. O-O-O c5 14. Qd5 Ra7 15. e5 Ne7
16. Qxd6 Qxd6 17. Rxd6 Nf5 18. Rd5 Nc6 19. Rhd1 b5 20. Bd3 Ra8 21. Re1 c4 22.
Bxf5 Bxf5 23. Nd4 Bd7 24. Nxc6 Bxc6 25. Rd2 Bb4 26. e6 O-O 27. Bd6 Bxc3 28. bxc3
Rfe8 29. e7 Ra7 30. f4 g6 31. Bc5 Rc7 32. Rd8 Kg7 33. Bd4+ Kh7 34. Bf6 Rb7 35.
Rxe8 Bxe8 36. Rd1 Rb8 37. Rd8 Rb7 38. Rxe8 b4 39. Rh8# 1-0

[Event "Challenge"]
[Site "http://www.queenalice.com/game.php?id=755166"]
[Date "2010.4.2"]
[Round "-"]
[White "petrovic"]
[Black "ImpostorZ"]
[Result "0-1"]
[WhiteElo "1788"]
[BlackElo "1899"]

1. e4 e5 2. Nf3 d6 3. h3 Be7 4. Bb5+ c6 5. Bc4 Nd7 6. O-O Ngf6 7. d3 h6 8. b4
O-O 9. Bb2 Nh7 10. a4 Nb6 11. Bb3 Kh8 12. a5 Nd7 13. d4 Bf6 14. dxe5 dxe5 15.
Qe2 Qe7 16. Nbd2 Bg5 17. Nc4 Bf6 18. c3 Qe8 19. Ne3 Nb8 20. c4 Na6 21. Ba3 Be7
22. c5 f6 23. Bc4 Nc7 24. Nf5 Bxf5 25. exf5 Nd5 26. Qc2 Qh5 27. b5 Ng5 28. Nxg5
Qxg5 29. Bxd5 cxd5 30. c6 Bxa3 31. Rxa3 Rac8 32. c7 Qh5 33. Qc5 Qxf5 34. b6 Qd7
35. Rd3 d4 36. Ra1 Rfe8 37. Kf1 Re6 38. Qb4 Rd6 39. f3 f5 40. Ra4 Qc6 0-1

[Event "Challenge"]
[Site "http://www.queenalice.com/game.php?id=755167"]
[Date "2010.4.2"]
[Round "-"]
[White "ImpostorZ"]
[Black "petrovic"]
[Result "1-0"]
[WhiteElo "1911"]
[BlackElo "1776"]

1. Nf3 b6 2. e4 Bb7 3. d3 h6 4. Bf4 d6 5. c3 e5 6. Be3 c5 7. c4 Nf6 8. Be2 Ng4
9. Bd2 Be7 10. Nc3 O-O 11. Nd5 Nf6 12. Nxe7+ Qxe7 13. O-O Nc6 14. Qc1 Nd4 15.
Bd1 Bc8 16. h3 a5 17. Nh2 Bb7 18. f4 exf4 19. Bxf4 Bc6 20. Qe3 Nd7 21. Qg3 Qf6
22. Bxd6 Qg6 23. Qxg6 fxg6 24. Bxf8 Rxf8 25. Rxf8+ Nxf8 26. Nf3 Nfe6 27. Ne5 Be8
28. Rc1 Nf4 29. Kf1 g5 30. a3 g6 31. Rc3 Kg7 32. Nf3 Nfe6 33. Nxd4 Nxd4 34. Rc1
h5 35. Rb1 Kf6 36. b4 axb4 37. axb4 Ke5 38. bxc5 b5 39. Rc1 Kf4 40. Kf2 h4 41.
Ra1 bxc4 42. Ra8 1-0

[Event "Slorche"]
[Site "http://www.queenalice.com/game.php?id=759750"]
[Date "2010.4.12"]
[Round "5"]
[White "lafasouza"]
[Black "petrovic"]
[Result "1-0"]
[WhiteElo "1755"]
[BlackElo "1751"]

1. e4 e5 2. Nf3 d6 3. Bc4 h6 4. Nc3 c6 5. a3 b5 6. Be2 Nf6 7. b4 Be7 8. d4 exd4
9. Qxd4 O-O 10. O-O a5 11. bxa5 Rxa5 12. Bd2 b4 13. Qxb4 Bg4 14. h3 d5 15. Qb3
Bxf3 16. Bxf3 dxe4 17. Nxe4 Nxe4 18. Bxa5 Qxa5 19. Bxe4 Bf6 20. Rab1 Be5 21. Qb4
Qc7 22. g3 Nd7 23. Qc4 c5 24. f4 Bd4+ 25. Kh2 Nf6 26. Rfd1 Qa7 27. Qd3 Rd8 28.
Qf3 Nxe4 29. Qxe4 Qa4 30. Qe7 Qxc2+ 31. Kh1 Ra8 32. Rdc1 Qf2 33. Qh4 Qf3+ 34.
Kh2 Rxa3 35. Rc2 Qe4 36. Qd8+ Kh7 37. Rbc1 Ra1 38. Qc8 Rxc1 39. Rxc1 1-0